000
00254nam a2200109 a 4500
001
4144
005
20140414131959.0
008
090317s19uu xx 00 eng d
050
_a
TR 372.4
_b
G33 2004
245
_a
Get ready for 1st grade.
999
_c
113029
_d
113029